| 000 | 00546nam a22001817a 4500 | ||
|---|---|---|---|
| 005 | 20141118125041.0 | ||
| 010 | _aENG-111274 | ||
| 020 |
_a9789382400097 _c250.00 |
||
| 035 | _aEN-94806 | ||
| 037 | _bDBAD/PUB | ||
| 082 | _a372.139 | ||
| 100 | _aHarrison, Steven | ||
| 245 |
_aThe happy child : _cby Steven Harrison _bchanging the heart of education / |
||
| 260 |
_aIndore _bBanyan Tree _c2014 |
||
| 270 |
_a1-B Dhenu Market, 2nd Floor _bIndore _e452003 |
||
| 300 |
_axvii, 144p. _c23cm(pbk) |
||
| 942 |
_2ddc _cEN _mHAR _h372.139 |
||
| 999 |
_c90122 _d90122 |
||